[Event "European Senior Chess Championship 2018"]
[Site "Drammen, Norway"]
[Date "2018.08.03"]
[Round "8"]
[White "Vinke, Dietmar"]
[Black "Hauge, Tor Arne"]
[Result "1-0"]
[WhiteElo "2166"]
[BlackElo "2037"]
[PlyCount "104"]
[EventDate "2018.??.??"]

1. Nf3 Nf6 2. g3 d5 3. Bg2 c6 4. O-O Bf5 5. d3 e6 6. Nbd2 h6 7. b3 Bb4 8. Bb2
Bxd2 9. Nxd2 O-O 10. e4 dxe4 11. dxe4 Bh7 12. Qe2 Re8 13. Nc4 Na6 14. Rfd1 Qe7
15. e5 Nd5 16. Nd6 Red8 17. c4 Nb6 18. Rd2 Rab8 19. Rad1 g5 20. Be4 Bg6 21. Ba3
c5 22. Qe3 Bxe4 23. Nxe4 Rxd2 24. Rxd2 Rd8 25. Rxd8+ Qxd8 26. Nf6+ Kg7 27. Qe4
Nd7 28. Qh7+ Kf8 29. Qxh6+ Ke7 30. Qxg5 Nxf6 31. Qxf6+ Ke8 32. Qh8+ Kd7 33.
Qxd8+ Kxd8 34. h4 b6 35. h5 Ke8 36. f4 Nb8 37. Bb2 Nc6 38. Bc3 a6 39. a4 Kf8
40. Kf2 Kg7 41. Kf3 Na7 42. g4 b5 43. cxb5 axb5 44. axb5 Nxb5 45. Bb2 Kh6 46.
Ke4 Kg7 47. Kd3 Kh6 48. Kc4 Nc7 49. Kxc5 Nd5 50. Bc1 Nc3 51. b4 Ne4+ 52. Kd4
Nf2 
1-0

[Event "European Senior Chess Championship 2018"]
[Site "Drammen, Norway"]
[Date "2018.08.03"]
[Round "8"]
[White "Ilyes, Peter"]
[Black "Moe, Mogens"]
[Result "0-1"]
[WhiteElo "1944"]
[BlackElo "2150"]
[PlyCount "80"]
[EventDate "2018.??.??"]

1. e4 c5 2. Nf3 e6 3. d3 Nc6 4. g3 g6 5. Bg2 Bg7 6. O-O Nge7 7. Re1 d6 8. c3 e5
9. a3 Bg4 10. Nbd2 Qd7 11. b4 h5 12. Qa4 a6 13. h4 b5 14. Qb3 O-O 15. Ng5 Bh6
16. Nf1 Kg7 17. f3 Bxg5 18. Bxg5 Be6 19. Qb2 f6 20. Be3 c4 21. d4 exd4 22. cxd4
d5 23. Rad1 a5 24. e5 fxe5 25. dxe5 axb4 26. axb4 Ra4 27. Bc5 Rfa8 28. Ra1 d4
29. Rxa4 Rxa4 30. Rd1 c3 31. Qc1 Ra2 32. Ne3 Bb3 33. e6 Bxe6 34. Nc2 Bb3 35.
Rxd4 Nxd4 36. Nxd4 Bc4 37. Qxc3 Kh7 38. f4 Bd5 39. Bf1 Qg4 40. Bxe7 Qd1 0-1

[Event "European Senior Chess Championship 2018"]
[Site "Drammen, Norway"]
[Date "2018.08.03"]
[Round "8"]
[White "Malmdin, Nils-Ake"]
[Black "Archangelsky, Mikhail"]
[Result "1-0"]
[WhiteElo "2135"]
[BlackElo "2033"]
[PlyCount "65"]
[EventDate "2018.??.??"]

1. e4 e6 2. d4 d5 3. e5 c5 4. c3 Qb6 5. Nf3 Nc6 6. a3 Bd7 7. b4 cxd4 8. cxd4
Rc8 9. Be3 Nh6 10. Bd3 Ng4 11. O-O Be7 12. Nbd2 Nxe3 13. fxe3 Nd8 14. Qe2 Ba4
15. Rac1 Rxc1 16. Rxc1 O-O 17. Nb1 a6 18. Nc3 Bc6 19. h4 f5 20. exf6 Bxf6 21.
Qc2 h6 22. Na4 Qc7 23. Qd2 Qe7 24. Nc5 e5 25. dxe5 Bxe5 26. Rf1 Qd6 27. Bb1 Bb5
28. Rd1 Rf6 29. Qc2 g6 30. Rxd5 Qxd5 31. Ba2 Qxa2 32. Qxa2+ Kg7 33. Nxe5 1-0

[Event "European Senior Chess Championship 2018"]
[Site "Drammen, Norway"]
[Date "2018.08.03"]
[Round "8"]
[White "Neumann, Joachim"]
[Black "Anguera Maestro, Jaime"]
[Result "1-0"]
[WhiteElo "2124"]
[BlackElo "2042"]
[PlyCount "107"]
[EventDate "2018.??.??"]

1. c4 c5 2. g3 g6 3. Bg2 Bg7 4. Nf3 Nc6 5. Nc3 d6 6. O-O e5 7. d3 Nge7 8. a3
O-O 9. Rb1 a5 10. Bd2 h6 11. Ne1 Be6 12. Nd5 Bxd5 13. cxd5 Nb8 14. b4 axb4 15.
axb4 b6 16. Nc2 Nd7 17. Ne3 Kh7 18. Qb3 f5 19. Nc4 Nc8 20. f4 Qc7 21. b5 Qa7
22. Bc3 Re8 23. Ra1 Qb7 24. Rxa8 Qxa8 25. e4 Qb8 26. exf5 gxf5 27. fxe5 dxe5
28. Rxf5 Nd6 29. Rf1 Rf8 30. Rxf8 Qxf8 31. Nxd6 Qxd6 32. Be4+ Kg8 33. Qa2 Bf6
34. Qa8+ Kf7 35. Qb7 Be7 36. Bf5 Nf6 37. Be6+ Kg6 38. Qc6 Qxc6 39. dxc6 Bd6 40.
Kf2 Ne8 41. Kf3 Kf6 42. Bc4 Bc7 43. Bd2 Kg6 44. g4 Nd6 45. h4 Bd8 46. Be1 Bc7
47. h5+ Kg7 48. Bh4 e4+ 49. Ke3 exd3 50. Kxd3 Nf7 51. Bxf7 Kxf7 52. g5 hxg5 53.
Bxg5 Ke6 54. Ke4 1-0

[Event "European Senior Chess Championship 2018"]
[Site "Drammen, Norway"]
[Date "2018.08.03"]
[Round "8"]
[White "Hewson, Brian W R"]
[Black "Sorokina, Tamara"]
[Result "1/2-1/2"]
[WhiteElo "2012"]
[BlackElo "2050"]
[PlyCount "53"]
[EventDate "2018.??.??"]

1. Nf3 c5 2. g3 Nf6 3. Bg2 e6 4. c4 Be7 5. Nc3 O-O 6. O-O d6 7. a3 Nc6 8. d3 e5
9. Rb1 a5 10. Ne1 Be6 11. Nd5 Bxd5 12. cxd5 Nb8 13. b4 axb4 14. axb4 Nbd7 15.
bxc5 Nxc5 16. Be3 Nfd7 17. Nc2 Bf6 18. d4 exd4 19. Bxd4 Ra2 20. Ra1 Qa5 21.
Bxf6 Nxf6 22. Nd4 Re8 23. Rxa2 Qxa2 24. Qa1 Qxa1 25. Rxa1 g6 26. e3 Rd8 27. Nb5
1/2-1/2

[Event "European Senior Chess Championship 2018"]
[Site "Drammen, Norway"]
[Date "2018.08.03"]
[Round "8"]
[White "Kuznetsova, Luba"]
[Black "Taksrud, Vidar"]
[Result "1-0"]
[WhiteElo "1983"]
[BlackElo "2047"]
[PlyCount "87"]
[EventDate "2018.??.??"]

1. d4 Nf6 2. c4 e6 3. Nf3 Bb4+ 4. Bd2 c5 5. e3 Nc6 6. Nc3 O-O 7. Qc2 cxd4 8.
exd4 e5 9. dxe5 Re8 10. Be2 Nxe5 11. O-O Bf8 12. Nxe5 Rxe5 13. Bf4 Rc5 14. b4
Rc6 15. Qb3 Re6 16. c5 Ne4 17. Bc4 Nxc3 18. Qxc3 Re4 19. Bg3 Qf6 20. Qb3 a5 21.
Rae1 Rxe1 22. Rxe1 a4 23. Qc2 d6 24. cxd6 Bf5 25. Qe2 Rc8 26. Be5 Qh4 27. Bd5
Rc2 28. Qe3 Qxb4 29. Rd1 Bg4 30. f3 Bd7 31. Qd3 Rc5 32. Bg3 Rc3 33. Qd2 a3 34.
Be5 Qc5+ 35. Bd4 Qxd5 36. Bxc3 Qc5+ 37. Kh1 Ba4 38. Bb4 Qc4 39. Rc1 Qb5 40.
Bxa3 Qf5 41. h3 Bc6 42. Rxc6 bxc6 43. d7 Qb1+ 44. Bc1 1-0

[Event "European Senior Chess Championship 2018"]
[Site "Drammen, Norway"]
[Date "2018.08.03"]
[Round "8"]
[White "Goncharov, Viktor"]
[Black "Thjomoe, Hans Richard"]
[Result "1-0"]
[WhiteElo "2041"]
[BlackElo "1888"]
[PlyCount "115"]
[EventDate "2018.??.??"]

1. d4 e6 2. Nf3 f5 3. g3 Nf6 4. Bg2 Be7 5. c4 d6 6. Nc3 O-O 7. Qc2 Nc6 8. Bg5
e5 9. e3 e4 10. Ng1 Nb4 11. Qd2 Qe8 12. Bf1 Be6 13. Bxf6 Bxf6 14. Nxe4 fxe4 15.
Qxb4 c5 16. Qd2 cxd4 17. exd4 Qf7 18. Nh3 Bg4 19. Rg1 Rae8 20. Qe3 Qe7 21. Nf4
Bg5 22. Be2 Bf3 23. Kd2 Qd8 24. b4 Qb6 25. Kc3 Qc6 26. b5 Qc7 27. Rgc1 d5 28.
Kb3 Qe7 29. Bxf3 dxc4+ 30. Rxc4 Bxf4 31. gxf4 exf3 32. Qxf3 Rf5 33. a4 Qf7 34.
Qd3 Rxf4 35. Ra2 Qd5 36. Re2 Ref8 37. Kc2 Rf3 38. Re3 Rxf2+ 39. Kc3 Qh1 40. Kb3
Qxh2 41. Rh3 Qxh3 42. Qxh3 R2f3+ 43. Qxf3 Rxf3+ 44. Kb4 h5 45. d5 Rd3 46. Kc5
Kf7 47. Rh4 g6 48. Kd6 Ke8 49. Re4+ Kf8 50. Rc4 Re3 51. Rc8+ Kf7 52. Rc7+ Kf6
53. Rxb7 a6 54. bxa6 Re4 55. a5 Re8 56. a7 Ra8 57. Rh7 h4 58. Kc6 1-0

[Event "European Senior Chess Championship 2018"]
[Site "Drammen, Norway"]
[Date "2018.08.03"]
[Round "8"]
[White "Sand, Rolf"]
[Black "Ludviksson, Johannes"]
[Result "0-1"]
[WhiteElo "1990"]
[BlackElo "2024"]
[PlyCount "96"]
[EventDate "2018.??.??"]

1. c4 Nf6 2. g3 g6 3. Bg2 Bg7 4. Nc3 O-O 5. e4 d6 6. Nge2 c5 7. O-O Nc6 8. d3
Rb8 9. h3 a6 10. a4 Bd7 11. Be3 Qc8 12. Kh2 e5 13. Rb1 Nd4 14. b4 b6 15. b5
axb5 16. axb5 Be6 17. Nd5 Bxd5 18. exd5 Nf5 19. Bd2 Ra8 20. Ra1 Qb7 21. Qc2 Ne7
22. Bc3 Rxa1 23. Rxa1 Ra8 24. Qb2 Bh6 25. Rxa8+ Qxa8 26. Qa1 Qxa1 27. Bxa1 Bd2
28. g4 Nd7 29. Kg3 Be1 30. Bc3 Bxc3 31. Nxc3 Kg7 32. Ne4 Nc8 33. g5 f5 34.
gxf6+ Nxf6 35. Nxf6 Kxf6 36. h4 Ne7 37. Be4 Nf5+ 38. Kg4 h5+ 39. Kh3 Nd4 40.
Kg3 Ne2+ 41. Kf3 Nf4 42. Kg3 g5 43. f3 Ng6 44. hxg5+ Kxg5 45. Bxg6 Kxg6 46. Kh4
Kh6 47. Kg3 Kg5 48. Kh3 h4 0-1

[Event "European Senior Chess Championship 2018"]
[Site "Drammen, Norway"]
[Date "2018.08.03"]
[Round "8"]
[White "Solli, Oddvar"]
[Black "Johnsen, Oystein"]
[Result "1-0"]
[WhiteElo "1796"]
[BlackElo "2009"]
[PlyCount "139"]
[EventDate "2018.??.??"]

1. Nf3 d5 2. c4 c6 3. g3 Nf6 4. Bg2 Bf5 5. Qb3 Qb6 6. O-O e6 7. d3 Nbd7 8. Be3
Bc5 9. d4 Qxb3 10. axb3 Bd6 11. Rc1 h6 12. Na3 O-O 13. Bd2 Rfe8 14. Bf4 e5 15.
dxe5 Nxe5 16. Nxe5 Bxe5 17. Bxe5 Rxe5 18. e3 a6 19. Nc2 Rd8 20. c5 Be4 21. Nd4
Rde8 22. Bf1 g5 23. Bxa6 R5e7 24. Bf1 Bg6 25. b4 Ne4 26. b5 Rb8 27. bxc6 Rc7
28. Ra7 Rxc6 29. Nxc6 bxc6 30. Ra2 Nd2 31. Rca1 Kg7 32. b4 Nxf1 33. Kxf1 Rxb4
34. Rc1 Bd3+ 35. Ke1 Bb5 36. Rd2 f5 37. Rd4 Rb2 38. Rd2 Rb4 39. Rd4 Rb2 40. Rd2
Rb4 41. Ra2 f4 42. gxf4 gxf4 43. Kd2 fxe3+ 44. Kxe3 Kf6 45. Ra8 d4+ 46. Kd2 d3
47. Rf8+ Ke7 48. Rf3 Rb2+ 49. Kc3 Re2 50. Re3+ Kf6 51. Rxe2 dxe2 52. Kd2 Ke5
53. Rc3 Kd4 54. Rh3 Kxc5 55. Rxh6 Kd4 56. Rh4+ Ke5 57. Rb4 Kf5 58. f3 Bd3 59.
Rd4 Bb5 60. Re4 Ba6 61. Rxe2 Bxe2 62. Kxe2 Kf4 63. h4 Kf5 64. Ke3 Kg6 65. f4
Kf5 66. h5 Kf6 67. Kd4 Kg7 68. f5 Kh6 69. f6 Kh7 70. Kc5 1-0

[Event "European Senior Chess Championship 2018"]
[Site "Drammen, Norway"]
[Date "2018.08.03"]
[Round "8"]
[White "Tolda Andreu, Eloi"]
[Black "Danielsson, Robert"]
[Result "0-1"]
[WhiteElo "1827"]
[BlackElo "1993"]
[PlyCount "64"]
[EventDate "2018.??.??"]

1. Nf3 c5 2. c4 g6 3. Nc3 Bg7 4. g3 Nc6 5. Bg2 d6 6. d3 e5 7. Bd2 Nge7 8. a3
O-O 9. e4 a5 10. O-O Rb8 11. Rb1 h6 12. Qc1 Kh7 13. Qe1 Be6 14. Nd5 b5 15. Nxe7
Qxe7 16. b3 Qa7 17. Qc1 bxc4 18. bxc4 Rxb1 19. Qxb1 Rb8 20. Qc2 Qb6 21. Rc1 Bd7
22. Be3 Qb3 23. Qc3 Nd4 24. Kf1 Qxc3 25. Rxc3 Bg4 26. Nd2 Rb2 27. f3 Bd7 28.
Ke1 Nc2+ 29. Ke2 Nxe3 30. Kxe3 h5 31. f4 exf4+ 32. gxf4 Bxc3 
0-1

[Event "European Senior Chess Championship 2018"]
[Site "Drammen, Norway"]
[Date "2018.08.03"]
[Round "8"]
[White "Ingham, H William"]
[Black "Skogheim, Ole Morten"]
[Result "1-0"]
[WhiteElo "1819"]
[BlackElo "1992"]
[PlyCount "57"]
[EventDate "2018.??.??"]

1. d4 d5 2. Nf3 Nf6 3. e3 c5 4. dxc5 Nc6 5. c3 e6 6. b4 b6 7. Bb5 Bd7 8. Nd4
Nxd4 9. Bxd7+ Qxd7 10. exd4 Be7 11. Bb2 O-O 12. Nd2 Qc7 13. Nf3 Ne4 14. O-O
Rab8 15. Qc2 f6 16. Rfe1 Qf4 17. c4 bxc5 18. cxd5 exd5 19. bxc5 Rb4 20. Bc1 Qc7
21. Rb1 Rfb8 22. Be3 Qb7 23. Rxb4 Qxb4 24. Nd2 Qb2 25. Qxb2 Rxb2 26. Nxe4 dxe4
27. d5 Rc2 28. d6 Bd8 29. Rc1 
1-0

[Event "European Senior Chess Championship 2018"]
[Site "Drammen, Norway"]
[Date "2018.08.03"]
[Round "8"]
[White "Idesis, Yaacov"]
[Black "Munar Mut, Antonio"]
[Result "0-1"]
[WhiteElo "1958"]
[BlackElo "1909"]
[PlyCount "84"]
[EventDate "2018.??.??"]

1. d4 d5 2. Bf4 e6 3. e3 Nf6 4. Nf3 Be7 5. Bd3 O-O 6. Nbd2 c5 7. c3 Nc6 8. h3
cxd4 9. exd4 Bd7 10. O-O Rc8 11. Re1 a6 12. a4 g6 13. Ne5 Nh5 14. Bh6 Nxe5 15.
Bxf8 Nxd3 16. Bxe7 Qxe7 17. Re3 Nxb2 18. Qb3 Nc4 19. Nxc4 Rxc4 20. Qxb7 Qd6 21.
a5 Bb5 22. Rb1 Qc7 23. Qxc7 Rxc7 24. g3 Ng7 25. g4 Ne8 26. Kg2 Nd6 27. Ra1 Kg7
28. f3 Nc4 29. Ree1 Nb2 30. Ra2 Nd3 31. Re3 g5 32. Kg3 Nf4 33. h4 h6 34. h5 Rc4
35. Re1 Rc7 36. Re3 Kf6 37. Kf2 Ke7 38. Kg3 Kd6 39. Kf2 Bc4 40. Ra1 Rb7 41. Ra4
Rb1 42. Rb4 Nd3+ 
0-1

[Event "European Senior Chess Championship 2018"]
[Site "Drammen, Norway"]
[Date "2018.08.03"]
[Round "8"]
[White "Carulla Pons, Carlos"]
[Black "Patola, Eero"]
[Result "0-1"]
[WhiteElo "1835"]
[BlackElo "1856"]
[PlyCount "78"]
[EventDate "2018.??.??"]

1. d4 f5 2. g3 Nf6 3. Bg2 g6 4. Nh3 Bg7 5. d5 O-O 6. O-O c6 7. c4 e5 8. dxe6
dxe6 9. Nc3 e5 10. Qc2 e4 11. Rd1 Qe7 12. Bf4 Rd8 13. Rxd8+ Qxd8 14. Rd1 Qe8
15. f3 exf3 16. exf3 Na6 17. Bd6 h6 18. Qd2 Be6 19. Re1 Qd7 20. Nf4 Bf7 21. Re7
Qc8 22. b3 g5 23. Nh3 Ne8 24. Be5 Bf8 25. Rd7 Nc5 26. Rd4 Ne6 27. Rd3 Bb4 28.
Qc1 Nc5 29. Qe1 Qe6 30. Bd4 Rd8 31. Nxg5 Qe7 32. Nxf7 Kxf7 33. Bh3 Ne6 34. a3
Bxa3 35. Qe3 Nxd4 36. Qxh6 Qf6 37. Qh5+ Kf8 38. Rd1 Ng7 39. Kf1 Nxh5 0-1

[Event "European Senior Chess Championship 2018"]
[Site "Drammen, Norway"]
[Date "2018.08.03"]
[Round "8"]
[White "Rubinstein, Mark"]
[Black "Milashevskaja, Valentina"]
[Result "1-0"]
[WhiteElo "1850"]
[BlackElo "1748"]
[PlyCount "95"]
[EventDate "2018.??.??"]

1. c4 Nf6 2. Nc3 e6 3. d4 d5 4. e3 Be7 5. Bd2 O-O 6. c5 c6 7. f4 Nbd7 8. Bd3 b6
9. b4 Bb7 10. Nf3 g6 11. O-O Re8 12. Ne5 Bf8 13. a3 b5 14. g4 a6 15. Qf3 Bg7
16. h4 Rf8 17. Rf2 Nxe5 18. fxe5 Nd7 19. g5 a5 20. Rb1 axb4 21. axb4 Ra3 22.
Bc2 Qa8 23. Rff1 Qa7 24. h5 Qa8 25. Qg4 Re8 26. Rbe1 Re7 27. Rf2 Ra1 28. Bb1
Qa3 29. Rff1 Bc8 30. Kg2 Nf8 31. Rh1 Qa7 32. Ref1 Qa3 33. Qe2 Qb2 34. hxg6 fxg6
35. Rf2 Rea7 36. Bd3 Rf7 37. Rhf1 Qa3 38. Bxb5 Rxf2+ 39. Qxf2 cxb5 40. Nxb5 Qa4
41. Na7 Qxa7 42. b5 Qe7 43. Qf4 Nd7 44. Rxa1 Nb8 45. c6 Bf8 46. Ra8 Qc7 47. Ba5
Qe7 48. Rxb8 1-0

[Event "European Senior Chess Championship 2018"]
[Site "Drammen, Norway"]
[Date "2018.08.03"]
[Round "8"]
[White "Sather, Lars"]
[Black "Kabanova, Irina"]
[Result "0-1"]
[WhiteElo "1720"]
[BlackElo "1847"]
[PlyCount "86"]
[EventDate "2018.??.??"]

1. d4 Nf6 2. c4 e6 3. Nc3 Bb4 4. f3 c5 5. dxc5 Bxc5 6. e3 Nc6 7. a3 a5 8. Nge2
O-O 9. Ng3 d5 10. cxd5 exd5 11. Bb5 Re8 12. Bxc6 bxc6 13. O-O Bxe3+ 14. Bxe3
Rxe3 15. Qc2 Ba6 16. Rfe1 Qb6 17. Qf2 Rxe1+ 18. Rxe1 Qxf2+ 19. Kxf2 Rb8 20. Na4
g6 21. Rc1 Bc4 22. Ne2 Bb5 23. Nec3 Bc4 24. Ke3 Nd7 25. Rc2 Kf8 26. Rd2 Ke7 27.
Kf4 f6 28. h4 h6 29. g4 g5+ 30. hxg5 fxg5+ 31. Kg3 Rf8 32. Ne2 Bxe2 33. Rxe2+
Kd6 34. b4 axb4 35. axb4 Ne5 36. Re3 d4 37. Rb3 d3 38. Nc5 Rxf3+ 39. Kg2 Re3
40. Rb2 Kd5 41. Rd2 Kc4 42. Na6 Nxg4 43. Nb8 Re2+ 0-1

[Event "European Senior Chess Championship 2018"]
[Site "Drammen, Norway"]
[Date "2018.08.03"]
[Round "8"]
[White "Mella, Aage"]
[Black "Rostad, Rolf"]
[Result "1/2-1/2"]
[WhiteElo "1689"]
[BlackElo "1813"]
[PlyCount "86"]
[EventDate "2018.??.??"]

1. c4 e5 2. e3 Nf6 3. a3 d6 4. Nc3 Be7 5. d3 Be6 6. Nf3 h6 7. b4 Nbd7 8. Be2
O-O 9. O-O c6 10. Bb2 Ne8 11. d4 f5 12. d5 Bf7 13. Rc1 a6 14. h3 Nb6 15. dxc6
bxc6 16. Na4 Nd7 17. Qc2 Be6 18. c5 dxc5 19. bxc5 Bf6 20. Rfd1 Qe7 21. Bc4 Bxc4
22. Qxc4+ Kh8 23. Rxd7 Qxd7 24. Nb6 Qb7 25. Bxe5 Rd8 26. Bxf6 Nxf6 27. Ne5 Nd5
28. Ng6+ Kg8 29. Nxf8 Kxf8 30. Rd1 Ke7 31. Qh4+ Ke8 32. Qh5+ Qf7 33. Qxf7+ Kxf7
34. Rd3 Ke7 35. Kf1 Nxb6 36. Rxd8 Kxd8 37. cxb6 Kc8 38. Ke2 Kb7 39. Kd3 Kxb6
40. f3 Kc5 41. Kc3 a5 42. Kd3 Kd5 43. Kc3 Kc5 1/2-1/2

[Event "European Senior Chess Championship 2018"]
[Site "Drammen, Norway"]
[Date "2018.08.03"]
[Round "9"]
[White "Gruzmann, Boris"]
[Black "Ogaard, Leif"]
[Result "1/2-1/2"]
[WhiteElo "2183"]
[BlackElo "2386"]
[PlyCount "82"]
[EventDate "2018.??.??"]

1. e4 c5 2. Nf3 e6 3. d4 cxd4 4. Nxd4 Nc6 5. Nb5 d6 6. c4 Nf6 7. N1c3 a6 8. Na3
Be7 9. Be2 O-O 10. O-O b6 11. Be3 Bb7 12. f3 Nb4 13. Nc2 d5 14. cxd5 exd5 15.
Nxb4 Bxb4 16. Nxd5 Bxd5 17. exd5 Nxd5 18. Bd2 Bc5+ 19. Kh1 Qh4 20. Qe1 Qf6 21.
Bc3 Nxc3 22. bxc3 Rfe8 23. Qd2 Rad8 24. Qc2 Qh6 25. f4 Be3 26. Qf5 b5 27. Rad1
Bd2 28. Bg4 Qc6 29. Rf3 g6 30. Qc2 f5 31. Rd3 Qe4 32. Rxd8 Rxd8 33. Qxe4 fxe4
34. c4 e3 35. cxb5 axb5 36. g3 Ra8 37. Kg2 Kf7 38. Be2 b4 39. Bc4+ Kf6 40. Kf3
Rc8 41. Bd3 Rc3 1/2-1/2

[Event "European Senior Chess Championship 2018"]
[Site "Drammen, Norway"]
[Date "2018.08.03"]
[Round "9"]
[White "Renman, Nils-Gustaf"]
[Black "Bogdanov, Valentin"]
[Result "1-0"]
[WhiteElo "2348"]
[BlackElo "2356"]
[PlyCount "79"]
[EventDate "2018.??.??"]

1. d4 Nf6 2. c4 e6 3. Nf3 Bb4+ 4. Bd2 a5 5. g3 d5 6. Bg2 dxc4 7. Qc2 b5 8. a4
Bxd2+ 9. Nfxd2 Ra7 10. axb5 Qxd4 11. Ra4 Bb7 12. Rxc4 Qb6 13. e4 Qxb5 14. Rxc7
O-O 15. Na3 Qb6 16. Rc3 Nc6 17. Ndc4 Qb4 18. O-O e5 19. Re1 Ba6 20. Qc1 Rb7 21.
Nc2 Qe7 22. N2e3 Nb4 23. Nf5 Qe6 24. Ncd6 Rd7 25. Qg5 g6 26. Bh3 Kh8 27. Qh6
Rg8 28. Rd1 gxf5 29. Bxf5 Rxd6 30. Bxe6 Rxe6 31. Qe3 Nc6 32. Rc5 Nd4 33. Rc7
Ng4 34. Qa3 Rf6 35. Rxd4 exd4 36. f4 Rh6 37. Rxf7 Rc6 38. b3 d3 39. Qa1+ Nf6
40. Rxf6 1-0

[Event "European Senior Chess Championship 2018"]
[Site "Drammen, Norway"]
[Date "2018.08.03"]
[Round "9"]
[White "Gaprindashvili, Nona"]
[Black "Vinke, Dietmar"]
[Result "1/2-1/2"]
[WhiteElo "2305"]
[BlackElo "2166"]
[PlyCount "31"]
[EventDate "2018.??.??"]

1. d4 Nf6 2. c4 g6 3. Nc3 Bg7 4. e4 d6 5. Be2 O-O 6. Bg5 Na6 7. Qd2 e5 8. d5
Qe8 9. f3 Nh5 10. g3 f5 11. O-O-O Bd7 12. Be3 b6 13. Re1 Nc5 14. b4 Nb7 15. Bd1
a5 16. b5 1/2-1/2

[Event "European Senior Chess Championship 2018"]
[Site "Drammen, Norway"]
[Date "2018.08.03"]
[Round "9"]
[White "Hedin, Gunnar"]
[Black "Werner, Clemens"]
[Result "0-1"]
[WhiteElo "2179"]
[BlackElo "2258"]
[PlyCount "90"]
[EventDate "2018.??.??"]

1. f4 e5 2. fxe5 d6 3. exd6 Bxd6 4. Nf3 Nf6 5. d4 O-O 6. Qd3 Re8 7. Nc3 Nc6 8.
a3 Bg4 9. Be3 Qd7 10. Bg1 Bf4 11. e3 Bf5 12. Qd2 Ng4 13. Nd1 Qe7 14. Bd3 Bxd3
15. Qxd3 Rad8 16. Kf1 Bh6 17. h3 Nge5 18. Nxe5 Nxe5 19. Qe2 Ng6 20. Nc3 Qf6+
21. Qf3 Qxf3+ 22. gxf3 Bxe3 23. Bxe3 Rxe3 24. Kf2 Re7 25. Rad1 Kf8 26. Ne2 Nh4
27. Rd3 Nf5 28. Rhd1 Red7 29. d5 a5 30. Nd4 Nxd4 31. Rxd4 b6 32. c4 a4 33. Re1
Re8 34. Rxe8+ Kxe8 35. Rh4 h6 36. Ke3 Re7+ 37. Kd4 Re2 38. Re4+ Rxe4+ 39. Kxe4
Ke7 40. Ke5 g6 41. f4 f6+ 42. Ke4 Kd6 43. h4 Kc5 44. Kd3 g5 45. hxg5 hxg5 0-1

[Event "European Senior Chess Championship 2018"]
[Site "Drammen, Norway"]
[Date "2018.08.03"]
[Round "9"]
[White "Barle, Janez"]
[Black "Ackermann, Hans Werner"]
[Result "0-1"]
[WhiteElo "2249"]
[BlackElo "2246"]
[PlyCount "64"]
[EventDate "2018.??.??"]

1. e4 d6 2. d4 g6 3. Nc3 a6 4. a4 Bg7 5. Nf3 Nf6 6. Be2 O-O 7. O-O Nc6 8. h3 e5
9. d5 Ne7 10. Bg5 Nd7 11. Qd2 f6 12. Bh6 Rf7 13. Bxg7 Kxg7 14. Ne1 g5 15. Bg4
Nf8 16. Nd1 h6 17. Ne3 f5 18. exf5 Nxf5 19. Nxf5+ Bxf5 20. Bxf5 Rxf5 21. Qd3
Rf7 22. g3 Ng6 23. Qe4 Qd7 24. Kg2 Raf8 25. f3 h5 26. Qe3 Qf5 27. c4 e4 28.
Qc3+ Kh7 29. Ra3 h4 30. Rh1 hxg3 31. Qc2 exf3+ 32. Rxf3 Qxc2+ 0-1

[Event "European Senior Chess Championship 2018"]
[Site "Drammen, Norway"]
[Date "2018.08.03"]
[Round "9"]
[White "Moe, Mogens"]
[Black "Lederman, Leon"]
[Result "0-1"]
[WhiteElo "2150"]
[BlackElo "2245"]
[PlyCount "84"]
[EventDate "2018.??.??"]

1. e4 c5 2. Nf3 d6 3. d4 cxd4 4. Nxd4 Nf6 5. Nc3 a6 6. Bg5 Nbd7 7. f4 b5 8. Be2
Bb7 9. Bf3 Qc7 10. a3 e6 11. O-O Be7 12. Kh1 O-O 13. Qe1 h6 14. Bh4 Nb6 15.
Bxf6 Bxf6 16. e5 dxe5 17. Bxb7 exd4 18. Bxa8 dxc3 19. Be4 cxb2 20. Rd1 Na4 21.
f5 Re8 22. Bd5 e5 23. Qg3 Nc3 24. Bb3 Nxd1 25. Rxd1 Rd8 26. Rb1 Qd7 27. Qe1 Qd4
28. c3 Qd2 29. Kg1 Qxe1+ 30. Rxe1 e4 31. c4 Rd2 32. cxb5 axb5 33. g3 Bd4+ 34.
Kh1 e3 35. a4 Rd3 36. Ba2 bxa4 37. Kg2 Rc3 38. Kf3 Rc1 39. Ke2 Bc3 40. Rd1 Bd2
41. h3 a3 42. g4 Ra1 0-1

[Event "European Senior Chess Championship 2018"]
[Site "Drammen, Norway"]
[Date "2018.08.03"]
[Round "9"]
[White "Moen, Ole Christian"]
[Black "Malmdin, Nils-Ake"]
[Result "1-0"]
[WhiteElo "2228"]
[BlackElo "2135"]
[PlyCount "99"]
[EventDate "2018.??.??"]

1. e4 d5 2. exd5 Nf6 3. Bb5+ Nbd7 4. c4 a6 5. Ba4 b5 6. cxb5 Nxd5 7. Nc3 N5b6
8. Bb3 e6 9. d4 Bb7 10. Nf3 axb5 11. Nxb5 Ba6 12. Nc3 Bb4 13. a3 Bd6 14. Bg5
Qb8 15. Rc1 O-O 16. Ne4 e5 17. Nc5 exd4 18. Nxa6 Qe8+ 19. Kf1 Rxa6 20. Qxd4 Ra5
21. Bd2 Rb5 22. Bc3 Nf6 23. Ba2 Qe4 24. Bb1 Qxd4 25. Nxd4 Rc5 26. g3 Nfd5 27.
Bd2 Rxc1+ 28. Bxc1 Be5 29. Nc6 Bf6 30. Kg2 Na4 31. Be4 Ndb6 32. b3 Nc5 33. Bc2
Re8 34. Rd1 Ne6 35. a4 g6 36. a5 Na8 37. b4 Nf8 38. Bb3 Kg7 39. h4 h6 40. Kf3
Ne6 41. Rd7 g5 42. h5 Bc3 43. Be3 Kf6 44. b5 Bb2 45. g4 Bc3 46. Bc5 Bxa5 47.
Be7+ Rxe7 48. Rxe7 Nd4+ 49. Nxd4 Kxe7 50. Nc6+ 1-0

[Event "European Senior Chess Championship 2018"]
[Site "Drammen, Norway"]
[Date "2018.08.03"]
[Round "9"]
[White "Hartung-Nielsen, Jens"]
[Black "Ingham, H William"]
[Result "1-0"]
[WhiteElo "2211"]
[BlackElo "1819"]
[PlyCount "57"]
[EventDate "2018.??.??"]

1. c4 d6 2. g3 e5 3. Bg2 c6 4. Nc3 Nf6 5. e4 Be7 6. Nge2 O-O 7. O-O Nbd7 8. d3
a6 9. h3 b5 10. a3 Bb7 11. Be3 Qe8 12. f4 Bd8 13. f5 Bb6 14. Bf2 Bxf2+ 15. Rxf2
Nb6 16. b3 Rd8 17. Qc2 d5 18. c5 dxe4 19. dxe4 Nbd7 20. b4 Nb8 21. Nc1 a5 22.
bxa5 Na6 23. Nb3 Qe7 24. Na2 Rd7 25. Nb4 Rfd8 26. Bf1 Nh5 27. Kh2 Qg5 28. Rg2
Nxc5 29. Qxc5 1-0

[Event "European Senior Chess Championship 2018"]
[Site "Drammen, Norway"]
[Date "2018.08.03"]
[Round "9"]
[White "Kolbak, Jens"]
[Black "Ashby, Anthony C"]
[Result "1/2-1/2"]
[WhiteElo "2181"]
[BlackElo "2055"]
[PlyCount "56"]
[EventDate "2018.??.??"]

1. Nf3 d6 2. d4 Bg4 3. e4 Nd7 4. Be2 e5 5. O-O Ngf6 6. Nc3 c6 7. Be3 Be7 8. Nh4
Bxe2 9. Qxe2 g6 10. Nf3 O-O 11. Rad1 Qc7 12. Bg5 Rfe8 13. Rfe1 Nh5 14. Bxe7
Rxe7 15. Rd2 Kg7 16. g3 Rae8 17. d5 c5 18. Nb5 Qb6 19. Na3 Nb8 20. Nc4 Qd8 21.
a4 Qd7 22. b3 Rd8 23. Nh4 f6 24. f3 Kg8 25. Ng2 Ree8 26. f4 Re7 27. fxe5 fxe5
28. Rf1 Rf8 1/2-1/2

[Event "European Senior Chess Championship 2018"]
[Site "Drammen, Norway"]
[Date "2018.08.03"]
[Round "9"]
[White "Schouten, Nico"]
[Black "Smeby, Ole"]
[Result "1/2-1/2"]
[WhiteElo "2126"]
[BlackElo "1980"]
[PlyCount "138"]
[EventDate "2018.??.??"]

1. d4 Nf6 2. c4 c5 3. d5 b5 4. cxb5 a6 5. Nc3 g6 6. e4 d6 7. Nf3 Nbd7 8. bxa6
Bg7 9. Be2 O-O 10. O-O Bxa6 11. Re1 Qa5 12. h3 Rfb8 13. Qc2 Qb4 14. Rb1 Ne8 15.
Bd2 Bxe2 16. Rxe2 Nc7 17. Ree1 Ne5 18. Nxe5 Bxe5 19. b3 Nb5 20. Nxb5 Qxb5 21.
a4 Qa6 22. a5 Rb5 23. Red1 Rab8 24. Be1 Kg7 25. g3 Qc8 26. Kg2 Qb7 27. Rd3 e6
28. Qc4 Bd4 29. Kh2 exd5 30. exd5 Bf6 31. Bd2 Be5 32. Qh4 Kg8 33. Qc4 h5 34.
Qe4 Qc8 35. Qc4 Qf5 36. Kg2 Bd4 37. Rf1 Qe4+ 38. Kh2 h4 39. a6 hxg3+ 40. Rxg3
Qe7 41. b4 Qa7 42. bxc5 Qxc5 43. Qxc5 Rxc5 44. Bf4 Ra8 45. Rd1 Bxf2 46. Rg2 Bh4
47. Bxd6 Ra5 48. Bc7 R5xa6 49. d6 Rc6 50. Rd5 Bd8 51. Bxd8 Rxd8 52. Rgd2 Rd7
53. Kg3 f6 54. R5d4 Kf7 55. Kg4 Rc5 56. h4 Ke6 57. Kf4 Rf5+ 58. Kg3 Re5 59. Rd1
Re3+ 60. Kf4 Re2 61. Rg1 Kf7 62. Rgd1 Re6 63. R1d2 Kg7 64. Kf3 Kh6 65. Kg4 f5+
66. Kf4 Kh5 67. Rd1 Re2 68. Kg3 Re6 69. Kf4 Re2 1/2-1/2